书目信息 |
| 题名: |
建筑施工计算手册
|
|
| 作者: | 江正荣 编著 | |
| 分册: | ||
| 出版信息: | 北京 中国建筑工业出版社 2018.09 |
|
| 页数: | 1257页 | |
| 开本: | 26cm | |
| 丛书名: | ||
| 单 册: | ||
| 中图分类: | TU723.32-62 | |
| 科图分类: | ||
| 主题词: | 建筑工程--施工组织 , 建筑工程--施工计划 | |
| 电子资源: | ||
| ISBN: | 978-7-112-21911-7 | |
| 000 | 00659nam0 2200205 450 | |
| 001 | 1938329199 | |
| 005 | 20190312104128.67 | |
| 010 | @a978-7-112-21911-7@dCNY188.00 | |
| 100 | @a20190312d2018 km y0chiy0120 ea | |
| 101 | 0 | @achi |
| 102 | @aCN@b110000 | |
| 200 | 1 | @a建筑施工计算手册@AJian Zhu Shi Gong Ji Suan Shou Ce@f江正荣编著@FJiang Zheng Rong Bian Zhu |
| 210 | @a北京@c中国建筑工业出版社@d2018.09 | |
| 215 | @a1257页@d26cm | |
| 606 | 0 | @a建筑工程@x施工组织 |
| 606 | 0 | @a建筑工程@x施工计划 |
| 690 | @aTU723.32-62@v4 | |
| 701 | 0 | @a江正荣@AJiang Zheng Rong@4编著 |
| 801 | 0 | @aCN@b大连网信软件有限公司图书馆·11@c20190312 |
| 905 | @aZUCC@dTU723.32-62@eJ491 | |
| 建筑施工计算手册/江正荣编著.-北京:中国建筑工业出版社,2018.09 |
| 1257页;26cm |
| ISBN 978-7-112-21911-7:CNY188.00 |
| ● |
| 相关链接 |
|
|
|
正题名:建筑施工计算手册
索取号:TU723.32-62/J491
 
预约/预借
| 序号 | 登录号 | 条形码 | 馆藏地/架位号 | 状态 | 备注 |
| 1 | 1244510 | 212445102 | 建筑库201/201建筑库 106排9列6层/ [索取号:TU723.32-62/J491] | 在馆 |